000 00524nam a22001937a 4500
005 20260427115733.0
008 260427b |||||||| |||| 00| 0 eng d
037 _cDSWL
040 _aDSWL
_cDSWL
041 _heng
084 _aZ(Y) Q7
100 _aDube, M P
_91235753
245 _aSocial Justice: Distributive Principles and Beyond
260 _aJaipur,
_bRawat Publication,
_c2017
300 _a336p
365 _aINR
_b995
942 _2CC
_cTEXL
_hZ(Y) Q7
_n0
999 _c1848566
_d1848566